Statistics for Overwatch Hero Abilities and Weapons

Click here to take the quiz!

General Stats

  • This quiz has been taken 1,198 times
    (758 since last reset)
  • The average score is 33 of 132

Answer Stats

HeroAnswer% Correct
Meteor Strike
66%
Dragonblade
65%
Deadeye
57%
Deflect
55%
Flashbang
52%
Pulse Bomb
52%
RIP-Tire
52%
EMP
50%
Configuration: Tank
48%
Death Blossom
48%
Shuriken
48%
TracerBlink
45%
Hack
45%
Molten Core
45%
Rocket Punch
45%
Seismic Slam
45%
Earthshatter
44%
Ice Wall
44%
Recall
44%
AnaSleep Dart
44%
Dragonstrike
43%
Nano Boost
43%
Self-Destruct
43%
Whole Hog
42%
Blizzard
41%
Tactical Visor
41%
Fire Strike
39%
Scatter Arrow
39%
ReinhardtCharge
37%
Translocator
37%
Primal Rage
36%
Rising Uppercut
36%
Configuration: Sentry
35%
Infra-Sight
35%
Peacekeeper
35%
Teleporter
35%
Graviton Surge
34%
Soldier:76Sprint
34%
Swift Strike
34%
Venom Mine
34%
McCreeCombat Roll
33%
Defense Matrix
33%
Fan the Hammer
33%
Rocket Barrage
33%
Sonic Arrow
33%
Sound Barrier
33%
Orb of Discord
32%
Biotic Grenade
31%
Helix Rockets
31%
Concussion Mine
30%
ZenyattaOrb of Harmony
30%
Transcendence
29%
Guardian Angel
28%
Rocket Launcher
28%
HanzoWall Climb
28%
Shadow Step
27%
Supercharger
27%
Widow's Kiss - Assualt
27%
Wraith Form
27%
Configuration: Recon
26%
WidowmakerGrappling Hook
26%
Scrap Gun
26%
Coalescence
25%
Concussive Blast
25%
Resurrect
25%
Tesla Cannon
25%
Biotic Field
24%
Halt!
24%
Take a Breather
24%
Amp It Up
23%
Hand Cannon
23%
MeiCryo-Freeze
22%
Call Mech
21%
MoiraFade
21%
OrisaFortify
21%
Hellfire Shotgun
21%
Rocket Hammer
21%
Self-Repair
21%
Steel Trap
21%
Widow's Kiss - Sniper
20%
Pulse Pistols
19%
Storm Bow
19%
Armor Pack
18%
Biotic Rifle
18%
Boosters
17%
RoadhogChain Hook
17%
SymmetraSentry Turret
17%
Biotic Orb
16%
Jump Jet
16%
Crossfade
15%
GenjiCyber-Agility
15%
Icicle
15%
Orb of Destruction
14%
LúcioWall Ride
14%
Heavy Pulse Rifle
13%
WinstonJump Pack
13%
Machine Pistol
13%
Soundwave
13%
JunkratTotal Mayhem
13%
Biotic Grasp
12%
Caduceus Staff
12%
Endothermic Blaster
12%
Frag Launcher
12%
DoomfistThe Best Defense...
12%
Rivet Gun
11%
Fusion Cannons
10%
Fusion Driver
10%
PharahHover Jets
9%
Particle Cannon
9%
Projected Barrier
9%
ReaperThe Reaping
9%
Barrier Field
8%
SombraOpportunist
8%
Protective Barrier
8%
Caduceus Blaster
7%
ZaryaEnergy
7%
Fan of Blades
7%
Particle Barrier
7%
Sonic Amplifier
7%
MercyAngelic Descent
6%
Build Turret
6%
D.vaEject
6%
Forge Hammer
6%
Photon Projector
6%
BastionReconfigure
6%
Light Gun
5%
Barrier Projector
4%
Thermoptic Camo
4%
Orb Volley
3%
Photon Shield
3%
TobjörnScrap Collector
3%
Energy Ball
1%

Score Distribution

Percentile by Number Answered

Percent of People with Each Score

Your Score History

You have not taken this quiz since the last reset